000 00660cam a2200229 4500500
005 20260405001950.0
041 _afre
042 _adc
100 1 0 _aPersonne, Thomas
_eauthor
245 0 0 _aPourquoi avons-nous peur des drones qui survolent Paris ?
260 _c2015.
500 _a68
690 _aDerrida
690 _aÉtat
690 _aParis
690 _aSécurité
690 _aSouveraineté
690 _aSurvol
690 _aTechnologie
786 0 _nPhilosophie magazine | 88 | 4 | 2015-04-01 | p. 7-7 | 1951-1787
856 4 1 _uhttps://shs.cairn.info/magazine-philosophie-magazine-2015-4-page-7?lang=fr&redirect-ssocas=7080
999 _c2052813
_d2052813